<?xml version="1.0" encoding="UTF-8"?>
<record
    xmlns:xsi="http://www.w3.org/2001/XMLSchema-instance"
    xsi:schemaLocation="http://www.loc.gov/MARC21/slim http://www.loc.gov/standards/marcxml/schema/MARC21slim.xsd"
    xmlns="http://www.loc.gov/MARC21/slim">

  <leader>01305nam a22002657a 4500</leader>
  <controlfield tag="003">DO-SdBNP</controlfield>
  <controlfield tag="005">20211006113438.0</controlfield>
  <controlfield tag="007">ta</controlfield>
  <controlfield tag="008">210510e2015    dr ||||g |||| 001 e spa d</controlfield>
  <datafield tag="022" ind1=" " ind2=" ">
    <subfield code="2">978972956554</subfield>
  </datafield>
  <datafield tag="040" ind1=" " ind2=" ">
    <subfield code="a">DO-SdBNP</subfield>
    <subfield code="b">spa</subfield>
    <subfield code="c">BNPHU</subfield>
  </datafield>
  <datafield tag="041" ind1=" " ind2=" ">
    <subfield code="h">spa</subfield>
  </datafield>
  <datafield tag="082" ind1=" " ind2="4">
    <subfield code="a">BNPHU</subfield>
    <subfield code="b">V145e</subfield>
  </datafield>
  <datafield tag="100" ind1="1" ind2=" ">
    <subfield code="a">Valdez, Juan R.</subfield>
    <subfield code="d">1970-</subfield>
    <subfield code="9">78553</subfield>
  </datafield>
  <datafield tag="245" ind1="1" ind2="0">
    <subfield code="a">En busca de la identidad :</subfield>
    <subfield code="b">la obra de Pedro Henr&#xED;quez Ure&#xF1;a /</subfield>
    <subfield code="c">Juan R. Valdez</subfield>
  </datafield>
  <datafield tag="260" ind1=" " ind2=" ">
    <subfield code="a">Argentina :</subfield>
    <subfield code="b">Katatay, </subfield>
    <subfield code="c">2015.</subfield>
  </datafield>
  <datafield tag="300" ind1=" " ind2=" ">
    <subfield code="a">296 p. ;</subfield>
    <subfield code="c">20 cm.</subfield>
  </datafield>
  <datafield tag="500" ind1=" " ind2=" ">
    <subfield code="a">Incluye bibliograf&#xED;a y notas al pi&#xE9; de p&#xE1;gina.</subfield>
  </datafield>
  <datafield tag="504" ind1=" " ind2=" ">
    <subfield code="a">Bibliograf&#xED;a : p. 261-294</subfield>
  </datafield>
  <datafield tag="505" ind1="0" ind2=" ">
    <subfield code="a">Agradecimientos ---</subfield>
    <subfield code="t">Introducci&#xF3;n--</subfield>
    <subfield code="g">Cap&#xED;tiulo 1--</subfield>
    <subfield code="t">Pedro Henr&#xED;quez Ure&#xF1;a: el ensayo de un latinoamericanista--</subfield>
    <subfield code="g">Cap&#xED;tulo 2--</subfield>
    <subfield code="t">Las ideolog&#xED;as lingu&#xED;sticas y la historia de las ideas lingu&#xED;sticas--</subfield>
    <subfield code="g">Cap&#xED;tulo 3--</subfield>
    <subfield code="t">Nacionalismo e hispanoamericanismo en la Rep&#xFA;blica Dominicana y Am&#xE9;rica Latina--</subfield>
    <subfield code="g">Cap&#xED;tulo 4--</subfield>
    <subfield code="t">Pedro Henr&#xED;quez Ure&#xF1;a en la lingu&#xED;stica hisp&#xE1;nica--</subfield>
    <subfield code="g">Cap&#xED;tulo 5--</subfield>
    <subfield code="t">Pedro Henr&#xED;quez Ure&#xF1;a y el blanqueamiento de la identidad dominicana--</subfield>
    <subfield code="t">Conclusi&#xF3;n--</subfield>
    <subfield code="t">Ep&#xED;logo--</subfield>
    <subfield code="t">Bibliograf&#xED;a.</subfield>
  </datafield>
  <datafield tag="590" ind1=" " ind2=" ">
    <subfield code="a">La biblioteca posee un ejemplar autografiado por el autor.</subfield>
  </datafield>
  <datafield tag="590" ind1=" " ind2=" ">
    <subfield code="a">Inventariado, 2021/MF</subfield>
  </datafield>
  <datafield tag="910" ind1=" " ind2=" ">
    <subfield code="a">Mfeliz</subfield>
  </datafield>
  <datafield tag="942" ind1=" " ind2=" ">
    <subfield code="2">ddc</subfield>
    <subfield code="c">LBS1</subfield>
  </datafield>
  <datafield tag="952" ind1=" " ind2=" ">
    <subfield code="0">0</subfield>
    <subfield code="1">0</subfield>
    <subfield code="2">ddc</subfield>
    <subfield code="7">1</subfield>
    <subfield code="8">PD</subfield>
    <subfield code="a">BNPHU</subfield>
    <subfield code="b">PD</subfield>
    <subfield code="c">HD</subfield>
    <subfield code="d">2018-05-09</subfield>
    <subfield code="e">Dep&#xF3;sito legal</subfield>
    <subfield code="l">0</subfield>
    <subfield code="o">BNPHU PD V145e</subfield>
    <subfield code="p">2021-1687</subfield>
    <subfield code="r">2021-05-10</subfield>
    <subfield code="w">2021-05-10</subfield>
    <subfield code="y">LFPD</subfield>
  </datafield>
  <datafield tag="999" ind1=" " ind2=" ">
    <subfield code="c">49805</subfield>
    <subfield code="d">49805</subfield>
  </datafield>
</record>
